Októberi emberek

Elmentve itt :
Bibliográfiai részletek
Szerző: Tabéry Géza
Dokumentumtípus: Könyv
Megjelent: Magyar Téka Szeged 1934
Sorozat:Magyar Téka
Kulcsszavak:Magyar irodalom - Erdély - regény
Tárgyszavak:
Online Access:http://misc.bibl.u-szeged.hu/75802
LEADER 00628nam a2200193 i 4500
001 misc75802
005 20250115151832.0
008 250115s1934 hu o 000 hun d
040 |a SZTE Miscellanea Repozitórium  |b hun 
041 |a hun 
100 1 |a Tabéry Géza 
245 1 0 |a Októberi emberek  |h [elektronikus dokumentum] /  |c  Tabéry Géza 
260 |a Magyar Téka  |b Szeged  |c 1934 
300 |a 147  |c 20 cm 
490 0 |a Magyar Téka 
650 4 |a Bölcsészettudományok 
650 4 |a Nyelvek és irodalom 
695 |a Magyar irodalom - Erdély - regény 
856 4 0 |u http://misc.bibl.u-szeged.hu/75802/1/XA_163126.pdf  |z Dokumentum-elérés